000 00525nam a2200157 a 4500
008 120416s0000 ||||||||||||||||| || u
020 _a0070923833
050 _aTA 352 Bee
100 _aBeer, Ferdinand P
245 1 0 _aVector mechanics for engineers dynamics
250 _aSI metric
260 _aNew York
_bMcGraw-Hill
_c1981
300 _axv, 974p. : ill
350 _a0.00
995 _D0.00
_FCBU-MAIN LIBRARY (Kitwe)
_H1
_I25.00
_UDAMAGED
_ZMain Library Open Access Collection
999 _c61259
_d61259